• 首页
  • 本馆介绍
  • 公告通知
  • 最新文献
  • 馆藏检索
  • 电子资源
  • 读者导购
  • 参考咨询
  • 我的图书馆
  • 登录
  • 详细信息显示
  • 放入我的书架
  • 预约/预借图书
  • 作者相关作品
  • 分类相关作品
  • 丛书相关作品
  • 出版社相关作品

书目信息

  • 表格格式
  • 工作单格式
  • 卡片格式
题名:
结构静力学
    
 
作者: А·В·达尔科夫 В·И·库滋聂错夫 合 著 ;俞忽 译
分册: 第二册  
出版信息: 北京   人民铁道出版社  1957
页数: 157页
开本: 25cm
丛书名:
单 册:
中图分类: TU311.1
科图分类:
主题词: 结构静力学--建筑结构--参考资料 , 建筑结构--结构静力学--参考资料 , 建筑结构--理论 , 建筑结构--结构计算
电子资源:
ISBN:
000 00948nam0 2200289 45 980
001 0661279623
005 20060803170537.28
010    @dCNY1.30
091    @a15043.35
100    @a19970520d1957 y0chiy0121 ea
101 0  @achi
102    @aCN@b110000
105    @afa z 000yy
106    @ar
200 10 @a结构静力学@h第二册@Ajie gou jing li xue@fА·В·达尔科夫 В·И·库滋聂错夫 合著@FА·В·da er ke fuВ·И·ku zi nie cuo fu he zhu@g俞忽 译@Gyu hu yi
210    @a北京@c人民铁道出版社@d1957
215    @a157页@c表,图@d25cm
300    @a高等学校教学用书
606    @a结构静力学--建筑结构@x参考资料
606    @a建筑结构--结构静力学@x参考资料
606 0  @a建筑结构@x理论
606 0  @a建筑结构@x结构计算
690    @aTU311.1@v3
701  0 @aА·В·达尔科夫 В·И·库滋聂错夫 合@4著@AА·В·da er ke fuВ·И·ku zi nie cuo fu he
702  0 @a俞忽@Ayu hu@4译
801 0  @c20060803
905    @a10447@dTU311.1@e260:2
    
    结构静力学.第二册/А·В·达尔科夫 В·И·库滋聂错夫 合著/俞忽 译.-北京:人民铁道出版社,1957
    157页:表,图;25cm
    高等学校教学用书
    
    ISBN :CNY1.30
    
●
相关链接 在E读中查询图书 在五车中查询图书 在当当中查询图书 在豆瓣中查询图书


正题名:结构静力学     索取号:TU311.1/260:2         预约/预借

序号 登录号 条形码 馆藏地/架位号 状态 备注
1 0439655   204396554   密集书库/ [索取号:TU311.1/260:2] 在馆    
唐山师范学院图书馆 欢迎您!
大连网信软件有限公司© 版权所有